000 02041cam a2200517 4500
003 PE-LiUPU
005 20250731173319.0
020 _a0816321140
035 _a(Sirsi) i9780816321148
041 _aen
049 _aPRUA
082 0 4 _a286.73209
_bG81
082 0 4 _a286.73205
_bCA
_221
100 1 _aGreenleaf, Floyd
245 _aIn passion for the worl :
_ba history of seventh-day adventist education /
_cFloyd Greenleaf.
264 1 _aNampa, Idaho :
_bPacific Press Publishing Association,
_c2005
300 _a560 páginas :
_bilustraciones ;
_c23 cm.
336 _atext
_2rdacontent
337 _aunmediated
_2rdamedia
338 _avolume
_2rdacarrier
490 0 _aClásicos del Adventismo ;
_v9
504 _aIncluye bibliografía
505 0 _aThe beginning years, 1872-1920 -- The interim years, 1920-1945 -- Years of fultillment and Chllenge, 1945-2000
526 _aSEG42
526 _aSEG41
526 _aSEG40
526 _aSEG39
526 _aP94
526 _aP87
526 _aP86
526 _aP85
526 _aP77
526 _aP76
526 _aP35
610 _aIASD
_xHistoria de la educación
650 1 4 _aEducación adventista
_xHistoria
910 _agl
_bjv
_clch
_d20070809
942 _2ddc
_cBOOK
949 _a286.732 G81
_wDEWEY
_c1
_i57207
_f2017-2-15
_g1
_lCCODEBUL1
_mBUL
_r0
_sY
_tBOOK
_u2015-6-25
_xTEOLOGIA
_PP35
_0COMPRA
_o.STAFF. Colección General
949 _aLC586 .S48 G74 2005
_wLC
_c1
_iCW00037
_lCIA
_mBWL
_p15.00
_r1
_sY
_tBOOK
_u2017-1-20
_xWHITE
_zUNKNOWN
_0COMPRA
_o.STAFF. Centro White
690 _aAdventistas del Séptimo Día publicaciones.
596 _a1 4
999 _a286.732 G81
_wDEWEY
_c46307
_i57207
_f2021-11-11
_g6
_lCCODEBUL1
_mBUL
_r0
_sY
_tBOOK
_u2015-6-25
_xTEOLOGIA
_PP35
_0COMPRA
_o.STAFF. Colección General
_d46307
999 _a286.73205 CA 9 2005
_wLC
_c1
_iCW00037
_f2021-12-23
_g2
_lCCODECWL1
_mBWL
_p15.00
_r1
_sY
_tBOOK
_u2017-1-20
_xWHITE
_zUNKNOWN
_0COMPRA
_o.STAFF. Centro White
980 _81
_gALBERTO SANCHEZ Responsable de Automatización